MARC details
| 000 -BAŞLIK |
| Sabit Uzunlukta Kontrol Alanı |
01147nam a22002777a 4500 |
| 999 ## - SİSTEM KONTROL NUMARALARI (KOHA) |
| Koha Biblionumber |
14953 |
| Koha Biblioitemnumber |
14953 |
| 003 - KONTROL NUMARASI IDENTIFIER |
| Denetim Alanı |
MIRAKIL |
| 005 - SON İŞLEM TARİHİ VE ZAMANI |
| Denetim Alanı |
20220809153550.0 |
| 008 - SABİT-BOY VERİ ELEMANLARI - GENEL BİLGİLER |
| Sabit Uzunlukta Kontrol Alanı |
220809b tu ||||| |||| 00| 0 tur d |
| 040 ## - KATALOGLAMA KAYNAK |
| Orijinal Kataloglama Ajansı |
TR-AnCHP |
| Kataloglama Dili |
tur |
| Metne Dönüştürmek Ajansı |
TR-AnCHP |
| 041 ## - DİL KODU |
| Metin / Ses Parça Veya Ayrı Başlığın Dil Kodu |
tur |
| 082 ## - DEWEY ONLU SINIFLANDIRMA NUMARASI |
| Sınıflandırma Numarası |
CHP 362 |
| Ürün Numarası |
C36t 2022 |
| 110 ## - ANA GİRİŞ - KURUMSAL ADI |
| Giriş Elemanı Olarak Kurumsal Ad Veya Yargı Alanı Adı |
Cumhuriyet Halk Partisi (CHP) |
| 222 ## - ANAHTAR ADI |
| Anahtar Başlık |
Sağlık raporları |
| 245 ## - BAŞLIK TABLOSU |
| Başlık |
Türkiye sağlık forumu sonuç bildirgesi: |
| Başlığın Kalan |
Türkiye'de sağlık sistemine ilişkin sorunlar ve çözüm önerileri/ |
| Sorumluluk Tablosu, Vb |
Cumhuriyet Halk Partisi. |
| 246 ## - UNVAN FORM VARYING |
| Başlık Doğru / Kısa Başlığı |
Türkiye'de sağlık sistemine ilişkin sorunlar ve çözüm önerileri |
| 260 ## - YAYIN, DAĞITIM, VB |
| Yayın, Dağıtım, Vb Yeri |
Ankara: |
| Yayıncı, Dağıtıcı, Vs Adı |
CHP, |
| Yayın, Dağıtım, Vb Tarihi |
2022. |
| 300 ## - FİZİKSEL TANIM |
| Kapsam |
325 s.: |
| Diğer Fiziksel Ayrıntıları |
fotg.; grf.; |
| Boyutlar |
21 sm. |
| 440 ## - SERİSİ TABLOSU / KATMA GİRİŞİ - BAŞLIK |
| Başlık |
Cumhuriyet Halk Partisi yayınları |
| Bir İşin Parçası / Bölümün İsmi |
bildirgeler |
| 610 ## - KONU KATMA GİRİŞ - TOPLANTI ADI |
| Giriş Elemanı Olarak Kurumsal Ad Veya Yargı Alanı Adı |
CHP |
| Genel Alt Bölüm |
Sağlık hizmetleri |
| Kronolojik Alt Bölüm |
Raporlar |
| 610 #0 - KONU KATMA GİRİŞ - TOPLANTI ADI |
| Giriş Elemanı Olarak Kurumsal Ad Veya Yargı Alanı Adı |
Cumhuriyet Halk Partisi (CHP) |
| Genel Alt Bölüm |
Toplantılar |
| Kronolojik Alt Bölüm |
Sağlık |
| 9 (RLIN) |
5196 |
| 650 #0 - KONU KATMA GİRİŞ - TOPİKAL DÖNEM |
| 9 (RLIN) |
6983 |
| Topikal Süreli Veya Coğrafi Ad Giriş Elemanı |
Sağlık politikaları |
| Genel Alt Bölümü |
Türkiye |
| -- |
Sorunlar ve çözüm önerileri |
| 651 ## - KONU KATMA GİRİŞ - COĞRAFİ ADI |
| Coğrafi İsim |
Türkiye |
| Genel Alt Bölümü |
Sağlık hizmetleri |
| Kronolojik Alt Bölümü |
Raporlar |
| 740 ## - KATMA GİRİŞ - KONTROLSUZ İLGİLİ / ANALİTİK BAŞLIK |
| Kontrol Edilmeyen / İlgili Analitik Başlıktaki |
Türkiye'de sağlık sistemine ilişkin sorunlar ve çözüm önerileri |
| 830 ## - SERİSİ EKLENDİ GİRİŞ - ÜNİFORM ADI |
| Üniforma Başlık |
CHP raporları |
| 942 ## - EKLENDİ GİRİŞ ELEMANLARI (KOHA) |
| Sınıflandırma Veya Raf Düzeni Kaynak |
Dewey Decimal Classification |
| Koha Öğesi Türü |
Books |